| 000 | 00587nam a2200229Ia 4500 | ||
|---|---|---|---|
| 003 | OSt | ||
| 005 | 20221007110730.0 | ||
| 006 | a|||||r|||| 00| 0 | ||
| 007 | ta | ||
| 008 | 221006b |||||||| |||| 00| 0 eng d | ||
| 024 | _a21,726 | ||
| 037 | _cTextual | ||
| 040 |
_aLCO _cLCO _beng |
||
| 041 |
_2eng _aeng |
||
| 082 | _aX8(A):Z, M1 | ||
| 100 |
_aPuri S.K _9308182 |
||
| 245 | 0 | _aLabour and Industrial Laws | |
| 260 |
_aAllahabad _bAllahabad Law Agency India _c1981 |
||
| 650 | _aLABOUR | ||
| 942 |
_hX8(A):Z, M1 _cTEXL |
||
| 999 |
_c1191289 _d1191289 |
||